000 00920nam a22001577a 4500
003 OSt
005 20151006144055.0
008 151006b xxu||||| |||| 00| 0 eng d
040 _cRUA
082 _aAVM SIM 2005 B075 Or.1
100 _92173
_aSIM SODANY
245 _aThe effect of using wheat bran as feed concentration on growth rate of khmer hybrid chicken at the animal experimental station of royal university of agriculture, (ឥទ្ធិពលនៃការប្រើប្រាស់កន្ទក់ស្រូវសាឡី ជាចំណីផ្សំលើការលូតលាស់របស់មាន់ខ្មែរកូនកាត់ នៅស្ថានីយ៍ពិសោធន៍សត្វ នៃសាកលវិទ្យាល័យភូមិន្ទកសិកម្ម)
260 _aphnom penh
_brua
_c2005
300 _aix, 48p.
_bill.
_c29cm.
942 _2ddc
_cAVM
999 _c2046
_d2046